000 00319nam a2200097Ia 4500
008 220120s9999||||xx |||||||||||||| ||und||
100 _aArpitha, K. S, Sushma and Rajini
_912243
245 0 _aResource management system
260 _aCoorg Institute of Technology
_bPonnampet
_c2010
650 _aELECTRONICS AND COMMUNICATIONS
999 _c137829
_d137829